000 00290nam a22001217a 4500
008 170615b xxu||||| |||| 00| 0 eng d
041 _aeng
080 _a94
100 _a19
101 _aSHH
245 _aTHE INTELLIGENT WOMANS YO SOCIALISM AND CAPITALISM
_cSHAW.B
942 _2udc
_cBK
999 _c17621
_d17621